02449nam a2200541Ia 45000010005000000080041000050100008000460410014000540820020000682450180000882600018002683000007002865200007002936300020003006300053003206300039003736300029004126500016004416900024004577000040004817000037005219010046005589020006006049030048006109040018006589050031006769060006007079070017007139080061007309090060007919100015008519110010008669120041008769130009009179140023009269150019009499160009009689170009009779180014009869190030010005200820010309210007018509220007018579230006018649240014018709420010018849990013018941018241029s9999 xx 000 0 und d a936 aEspañol aTPG MED-01 2006 0aPropuesta metodológica para favorecer el desarrollo investigativo en los estudiantes de Ingeniería a través de la asignatura de Química General en la Universidad APEC  aSanto Domingo a69 a18 aInvestigación aMetodología de la Investigación Científica aProceso de Enseñanza-Aprendizaje aPropuesta Metodológica aEnseñanza aCopiado sin cambios easesoraFernández, Ileana María eautoraColón Núñez, Eladia a{"1":"Colón Núñez"}b{"1":"Eladia"} a1 a{"1":"Fernández"}b{"1":"Ileana María"} aMaestría en aCiencias de la Educación a1 aMención en aEnseñanza de las Ciencias Económicas y Empresariales aUniversidad Acción Pro Educación y Cultura (UNAPEC) aNULLbNULL a["1"] aUniversidad de Camagüey (UC), Cuba aNULL a01 de Mayo de 2006 a16/07/14 08:07 aNULL aNULL aNO APLICA a["126","140","163","216"] aElaborar una propuesta metodológica en la asignatura de Química General basada en la utilización del método problémico para favorecer el desarrollo investigativo en los estudiantes de ingeniería de la universidad APEC. La citada propuesta se caracteriza por la integración de los contenidos de laboratorio y las clases teóricas, elemento este que contribuye al desarrollo investigativo de los estudiantes mediante el proceso de enseñanza-aprendizaje de la citada asignatura. Para lograr el objetivo se utilizaron diferentes métodos en el nivel teórico y empírico tales como: el método lógico-histórico, la entrevista a estudiantes y profesores, y a los funcionarios: decanos, directores, y funcionarios académicos de la universidad APEC y la consulta a especialistas, entre otros.  a16 a16 a0 aNO APLICA cTesis c936d936